000 00354nam a2200145Ia 4500
008 230917s9999||||xx |||||||||||||| ||und||
040 _e6253
_aMAIN
041 _aEnglish
082 _a152 H277P
100 _aHassett, James
245 0 _aPrimer of psychophysiology
260 _aSan Francisco
_bW H Freeman
_c1978
300 _axv, 215 p.
942 _cBK
999 _c38748
_d38748